000
00347nam a2200145Ia 4500
008
240624s9999 xx 000 0 und d
041
_a
eng
082
_a
658.3 DEC
100
_a
DECENZO DAVID A
245
_a
HUMAN RESOURCE MANAGEMENT
250
_a
(11th ed.)
260
_a
New Delhi
_b
Wiley
300
_a
424 : p. : cm. ; 28
365
_c
RS
_b
33
999
_c
26339
_d
26339